Absolute PC security and privacy

Have you ever engaged in high-risk Internet activities? You have if you've ever shopped, chatted with a friend, played a game or swapped an MP3 file while online. And you'll be shocked to learn how incredibly vulnerable your PC is if you're connecting via cable/DSL. Your risk of Inter...

Ful tanımlama

Kaydedildi:
Detaylı Bibliyografya
Yazar: Miller, Michael
Materyal Türü: Kitap
Dil:Undetermined
Baskı/Yayın Bilgisi: San Francisco Sybex 2002
Konular:
Etiketler: Etiketle
Etiket eklenmemiş, İlk siz ekleyin!
Thư viện lưu trữ: Trung tâm Học liệu Trường Đại học Cần Thơ
LEADER 01577nam a2200217Ia 4500
001 CTU_165496
008 210402s9999 xx 000 0 und d
020 |c 6.95 
082 |a 005.8 
082 |b M649 
100 |a Miller, Michael 
245 0 |a Absolute PC security and privacy 
245 0 |c Michael Miller 
260 |a San Francisco 
260 |b Sybex 
260 |c 2002 
520 |a Have you ever engaged in high-risk Internet activities? You have if you've ever shopped, chatted with a friend, played a game or swapped an MP3 file while online. And you'll be shocked to learn how incredibly vulnerable your PC is if you're connecting via cable/DSL. Your risk of Internet attacks is likely to increase in the coming years--in both frequency and destructiveness. It's simply becoming easier for computer criminals to access and sabotage your PC, and even to steal your identity. Learn how to protect your PC from fast-spreading viruses in disguise, Internet-connection hijackers, con artists after your personal information, annoying spam e-mail and relentless pop-up advertising. Absolute PC Security and Privacy shows you how to detect security holes, reduce your chances of attack, recognize when you're under attack and stop an attack in progress. 
650 |a Computer security,Computer networks,Internet,Bảo mật máy tính,Mạnh máy tính,Internet 
650 |x Security measures,Security measures,Các biện pháp an ninh,Các biện pháp an ninh 
904 |i Trâm, Năm 
980 |a Trung tâm Học liệu Trường Đại học Cần Thơ